| 000 | 00755na a2200253 4500 | ||
|---|---|---|---|
| 001 | 14064 | ||
| 003 | MIRAKIL | ||
| 005 | 20181213154902.0 | ||
| 008 | 160901b tu 000 0 | ||
| 020 | _a9786051114491 | ||
| 035 | _a14064 | ||
| 040 |
_aMilas _btur _cTR-AnCHP |
||
| 082 |
_a923.7 Akbulut,Y. _bA41ş 2010 |
||
| 090 | _a923.7 Akbulut,Y. A41ş 2010 | ||
| 100 | _aAkbulut, Yümniye | ||
| 245 |
_aŞıklığın resmi tarihi _bOlgunlaşma enstitüleri _cYümniye Akbulut |
||
| 246 | _aOlgunlaşma enstitüleri | ||
| 260 |
_aİstanbul _bDoğan Kitap _c2010 |
||
| 300 |
_a246 s. _bres. _c23 sm. |
||
| 600 |
_aAkbulut, Yümniye _xAnılar |
||
| 650 |
_aEl sanatları _zTürkiye |
||
| 650 |
_aOlgunlaşma Enstitüleri _xAnılar |
||
| 942 |
_2ddc _cBKS |
||
| 999 |
_c2550 _d2550 |
||